Promotion of mHealth Applications in Search Engines - A Study of Australia and Slovakia

Vyhľadávače (search engine) ako esenciálny kanál propagácie produktov. Typy aplikácií v oblasti mHealth (mobilného zdravia) a ich propagácia. Stav propagácie aplikácií mHealth z kategórie Zdravie a fitness vo vyhľadávačoch - výsledky výskumu vo vyhľadávači Google z IP adries zo Slovenska a Austrálie...

Descrizione completa

Salvato in:
Dettagli Bibliografici
Autore principale: Miklošík, Andrej
Altri autori: Hasprová, Mária, 1970-, Žák, Štefan, 1971-
Natura: Capitolo di libro
Lingua:inglese
Soggetti:
Tags: Aggiungi Tag
Nessun Tag, puoi essere il primo ad aggiungerne!!

MARC

LEADER 00000nla a2200000 4500
001 0247551
005 20240502083700.3
041 0 |a eng 
044 |a AU 
245 1 0 |a Promotion of mHealth Applications in Search Engines - A Study of Australia and Slovakia  |c Andrej Miklosik, Maria Hasprova, Stefan Zak 
520 |a Vyhľadávače (search engine) ako esenciálny kanál propagácie produktov. Typy aplikácií v oblasti mHealth (mobilného zdravia) a ich propagácia. Stav propagácie aplikácií mHealth z kategórie Zdravie a fitness vo vyhľadávačoch - výsledky výskumu vo vyhľadávači Google z IP adries zo Slovenska a Austrálie. 
610 2 0 |a zdravie 
610 2 0 |a zdravotníctvo 
610 2 0 |a starostlivosť o zdravie 
610 2 0 |a štýl životný 
610 2 0 |a šport 
610 2 0 |a aplikácie mobilné 
610 2 0 |a marketing 
610 2 0 |a komunikácia marketingová 
610 2 0 |a propagácia 
610 2 0 |a technológie nové 
610 2 0 |a internet 
610 2 0 |a stránky webové 
610 2 0 |a Austrália 
610 2 0 |a Slovensko 
100 1 |a Miklošík, Andrej 
700 1 |a Hasprová, Mária, 1970- 
700 1 |a Žák, Štefan, 1971-